Caracterización de la biodiversidad y lineamientos generales para la formulación de un plan de manejo del Parque Natural Regional the Peal en la isla de Providencia (Registro nro. 7265)

Detalles MARC
000 -CABECERA
Campo de control 00904nam a2200253 a 4500
005 - FECHA Y HORA DE LA ULTIMA TRANSACCION
Campo de control 20150113150105.0
008 - ELEMENTOS DE LONGITUD FIJA—INFORMACION GENERAL
Campo de control 140217b2009 ck ||||| |||| 00| 0 spa d
040 ## - FUENTE DE CATALOGACIÓN
Agencia catalogadora original CO-BoIAVH
Agencia transcriptora CO-BoIAVH
041 ## - IDIOMA
Código de idioma para texto/pista de sonido o título separado Español
044 ## - PAÍS DE PUBLICACIÓN
País de publicación Colombia
090 ## - CLASIFICACIÓN LOCAL
Colección IAVH
Consecutivo 01399
100 ## - ASIENTO PRINCIPAL--NOMBRE PERSONAL
Nombre personal Quiceno Mesa, María Paula
245 ## - MENCION DE TITULO
Título Caracterización de la biodiversidad y lineamientos generales para la formulación de un plan de manejo del Parque Natural Regional the Peal en la isla de Providencia
Parte restante del título informe final
260 ## - PUBLICACION, DISTRIBUCION, ETC. (PIE DE IMPRENTA)
Lugar de publicación, distribución, etc. Bogotá
Nombre del editor, distribuidor, etc. Instituto Alexander von Humboldt
Fecha de publicación, distribución, etc. 2009
300 ## - DESCRIPCION FISICA
Extensión 117 p.
700 ## - ASIENTO SECUNDARIO - NOMBRE PERSONAL
Nombre personal Ospina Medina, Daniel
700 ## - ASIENTO SECUNDARIO - NOMBRE PERSONAL
Nombre personal Palacios Noguera, Santiago
700 ## - ASIENTO SECUNDARIO - NOMBRE PERSONAL
Nombre personal Ramos Barón, Pablo
700 ## - ASIENTO SECUNDARIO - NOMBRE PERSONAL
Nombre personal Romero Duque, Luz Piedad
700 ## - ASIENTO SECUNDARIO - NOMBRE PERSONAL
Nombre personal Ortega Rincón, Marcela
700 ## - ASIENTO SECUNDARIO - NOMBRE PERSONAL
Nombre personal Restrepo Calle, Sebastián
942 ## - ELEMENTOS ADICIONALES (KOHA)
Tipo de ítem Informe Técnico
Sistema de clasificación Local
945 ## - PROCESAMIENTO LOCAL
AAAA-MM-DD - Fecha de ingreso o modificacion 2010-02-16
Existencias
Withdrawn status Lost status Sistema de Clasificación Damaged status No para préstamo Colección Inventariado Ubicación Permanente Ubicación actual Fecha de adquisición Total Checkouts Número topográfico Inventario / Código de Barras Date last seen Ejemplar Price effective from Forma de adquisición Tipo de material Fuente de Valor
    Local     Humboldt Inventariado 2017 Villa de Leyva Villa de Leyva 16/02/2010   IAVH-01399 027896 09/08/2024 Ej. 1 04/12/2012 Institucional Informe Técnico  
    Local     Humboldt Inventariado 2017 Villa de Leyva Villa de Leyva 16/02/2010   IAVH-01399 027897 09/08/2024 Ej. 2 04/12/2012   Mapa Menjura Morales, Tatiana